State, power and politics in the making of the modern Middle East / (Record no. 5152)
[ view plain ]
| 000 -LEADER | |
|---|---|
| fixed length control field | 00889nac a22002531u 4500 |
| 008 - FIXED-LENGTH DATA ELEMENTS--GENERAL INFORMATION | |
| fixed length control field | 110925s2004 xxkab grb 001 0 eng d |
| 010 ## - LIBRARY OF CONGRESS CONTROL NUMBER | |
| LC control number | 2003027014 |
| 020 ## - INTERNATIONAL STANDARD BOOK NUMBER | |
| International Standard Book Number | 0415297141 |
| 020 ## - INTERNATIONAL STANDARD BOOK NUMBER | |
| International Standard Book Number | 9780415297141 |
| 043 ## - GEOGRAPHIC AREA CODE | |
| Geographic area code | aw----- |
| -- | ff----- |
| 082 04 - DEWEY DECIMAL CLASSIFICATION NUMBER | |
| Classification number | 320.956 |
| Item number | OWE |
| Edition number | 22 |
| 100 1# - MAIN ENTRY--PERSONAL NAME | |
| Personal name | Owen, Roger, |
| 9 (RLIN) | 29466 |
| Dates associated with a name | 1935- |
| 245 10 - TITLE STATEMENT | |
| Title | State, power and politics in the making of the modern Middle East / |
| Statement of responsibility, etc | Roger Owen. |
| 250 ## - EDITION STATEMENT | |
| Edition statement | 3rd ed. |
| 260 ## - PUBLICATION, DISTRIBUTION, ETC. (IMPRINT) | |
| Place of publication, distribution, etc | London ; |
| -- | New York, United States : |
| Name of publisher, distributor, etc | Routledge Taylor & Francis Group, |
| Date of publication, distribution, etc | 2004. |
| 300 ## - PHYSICAL DESCRIPTION | |
| Extent | xvi, 279 p. : |
| Other physical details | maps, tables ; |
| Dimensions | 24 cm. |
| 500 ## - GENERAL NOTE | |
| General note | Index : p. 272-279. |
| 504 ## - BIBLIOGRAPHY, ETC. NOTE | |
| Bibliography, etc | Bibliography : p. 266-271. |
| 651 #0 - SUBJECT ADDED ENTRY--GEOGRAPHIC NAME | |
| Geographic name | Middle East |
| General subdivision | Politics and government. |
| 9 (RLIN) | 11754 |
| 651 #0 - SUBJECT ADDED ENTRY--GEOGRAPHIC NAME | |
| Geographic name | Africa, North |
| General subdivision | Politics and government. |
| 9 (RLIN) | 5173 |
| 653 ## - INDEX TERM--UNCONTROLLED | |
| Resource For college | |
| Arrived date list | December2013 |
| -- | January2014 |
| 655 ## - INDEX TERM--GENRE/FORM | |
| Form subdivision | |
| -- | 34232 |
| 942 ## - ADDED ENTRY ELEMENTS (KOHA) | |
| Item type | Book - Borrowing |
| Call number prefix | 320.956 OWE |
| Source of classification or shelving scheme | Dewey Decimal Classification |
| Withdrawn status | Item status | Damaged status | Not for loan | Home library | Current library | Shelving location | Date acquired | Source of acquisition | Total Checkouts | Full call number | Barcode | Date last seen | Date last borrowed | Koha item type | Source of classification or shelving scheme | Vendor | Materials specified (bound volume or other part) | Total Renewals | Public note | Cost, normal purchase price | Serial Enumeration / chronology |
|---|---|---|---|---|---|---|---|---|---|---|---|---|---|---|---|---|---|---|---|---|---|
| Central Library | Central Library | First floor | 18/10/2007 | Purchase | 8 | 320.956 OWE | 000006166 | 15/07/2025 | 08/02/2017 | Book - Borrowing | |||||||||||
| Central Library | Central Library | First floor | 01/03/2009 | 8 | 320.956 OWE | 000014993 | 15/07/2025 | 04/11/2013 | NB - Book (Non borrowing) | Dewey Decimal Classification | Baccah | ||||||||||
| Lost | Central Library | Central Library | First floor | 01/03/2009 | 1 | 320.956 OWE | 000014992 | 15/07/2009 | 03/03/2009 | Book - Borrowing | Dewey Decimal Classification | Baccah | Lost In Inventory_2005-2015/8/22 | 1 | homebranch was lost | ||||||
| Central Library | Central Library | First floor | 25/09/2011 | 6 | 320.956 OWE | 000024922 | 15/07/2025 | 01/11/2020 | Book - Borrowing | Dewey Decimal Classification | Baccah | 37 | 160.00 | 12895 | |||||||
| Central Library | Central Library | First floor | 04/03/2012 | 10 | 320.956 OWE | 000026268 | 15/07/2025 | 22/12/2018 | Book - Borrowing | Dewey Decimal Classification | Baccah | 87 | |||||||||
| Central Library | Central Library | First floor | 04/03/2012 | 8 | 320.956 OWE | 000026269 | 15/07/2025 | 21/10/2020 | Book - Borrowing | Dewey Decimal Classification | Baccah | 40 | |||||||||
| Central Library | Central Library | First floor | 26/01/2014 | 7 | 320.956 OWE | 000035473 | 15/07/2025 | 03/03/2019 | Book - Borrowing | Dewey Decimal Classification | Baccah | 13 | |||||||||
| Central Library | Central Library | First floor | 26/01/2014 | 9 | 320.956 OWE | 000035474 | 15/07/2025 | 29/03/2017 | Book - Borrowing | Dewey Decimal Classification | Baccah | 35 | |||||||||
| Central Library | Central Library | First floor | 26/01/2014 | 6 | 320.956 OWE | 000035475 | 15/07/2025 | 03/09/2018 | Book - Borrowing | Dewey Decimal Classification | Baccah | 51 | |||||||||
| Central Library | Central Library | First floor | 26/01/2014 | 10 | 320.956 OWE | 000035476 | 15/07/2025 | 28/02/2021 | Book - Borrowing | Dewey Decimal Classification | Baccah | 46 |